000 00384nam a2200157Ia 4500
008 230312s9999||||xx |||||||||||||| ||und||
020 _a0-07-070239-4
082 _a621.317
_bVIT-P
100 _aVithayathil;Joseph
245 0 _aPower Electronics
260 _bMcGraw-Hill
_aIndia
_c2012
300 _a632
546 _aEng.
650 _aEngineering
_vPower Electronics
942 _cBK
999 _c7595
_d7595